Doña Inés de Castro (Record no. 170973)

MARC details
000 -LEADER
campo de control de longitud fija 00771nam a22001695i 4500
001 - NÚMERO DE CONTROL
campo de control 170973
003 - IDENTIFICADOR DE NÚMERO DE CONTROL
campo de control ES-MaACL
005 - FECHA Y HORA DE LA ÚLTIMA TRANSACCIÓN
campo de control 20250823063125.0
008 - DATOS DE LONGITUD FIJA--INFORMACIÓN GENERAL
campo de control de longitud fija 090421s1868 sp |||| | spa d
100 1# - ENTRADA PRINCIPAL--NOMBRE DE PERSONA
Nombre de persona Retes, Francisco Luis de,
Fechas asociadas al nombre 1822-1901
9 (RLIN) 131729
245 10 - MENCIÓN DEL TÍTULO
Título Doña Inés de Castro
Resto del título : drama en tres actos, en verso /
Mención de responsabilidad, etc. original de Francisco Luis de Retes.
260 ## - PUBLICACIÓN, DISTRIBUCIÓN, ETC.
Lugar de publicación, distribución, etc. Madrid :
Nombre del editor, distribuidor, etc. [s.n.],
Fecha de publicación, distribución, etc. 1868 (
Fabricante Impr. de José Rodríguez)
300 ## - DESCRIPCIÓN FÍSICA
Extensión 90 p. ;
Dimensiones 18 cm.
500 ## - NOTA GENERAL
Nota general En port.: Estrenado en el teatro de Jovellanos el 17 de setiembre de 1868.
852 ## - LOCALIZACIÓN
Ubicación ES-MaACL
Número de control de estantería F-8574(3)
Nota libre .- Enc. pasta española
condición física .- Falto de la cub. original
Nota libre .- Enc. en un vol. facticio formando parta de la Col. "Teatro español moderno" vol. 27
Holdings
Estatus retirado Estado de pérdida Estado de daño No para préstamo Colección Biblioteca de origen Biblioteca actual Ubicación en estantería Fecha de adquisición Fuente de adquisición Total de préstamos Signatura topográfica completa Código de barras Visto por última vez Precio de reemplazo Tipo de ítem Koha
        Libros del s. XIX Biblioteca del Ateneo de Madrid Biblioteca del Ateneo de Madrid Sala Pecera Planta 2 21/04/2009     F-8574(3) 1179437 23/02/2023 23/02/2023 Libro impreso antiguo